Dicionário de inglês-português (Registo nº 16)

Detalhes MARC
000 -Etiqueta do registo
Cabeçalho 00788cam a2200313 4500
005 - Identificador da versão
Campo de controlo 20240813121752.0
095 ## -
-- PTBN00270392
010 ## - Número internacional normalizado dos livros (ISBN)
Número (ISBN) 9720050209
021 ## - Número do Depósito Legal
Código do país PT
Número 42857/91
035 ## - Other System Control Numbers
System Control Number 0000016
System Control Number 0000016
System Control Number 0000016
System Control Number 0000016
100 ## - Dados gerais de processamento
Dados gerais de processamento 19910418d1991 m y0pory5003 ba
102 ## - Pais de publicação ou produção
País de publicação Portugal
101 0# - Língua de publicação
Língua do texto, banda sonora, etc. Inglês
-- Português
106 ## - Campo de dados codificados: material textual
Dados codificados do material textual r
105 ## - Campo de dados codificados: livros
Dados codificados dos livros y e 000yy
215 ## - Descrição física 
Indicação específica da natureza do documento e extensão da espécie 1492 p. a 2 coln.
Dimensões 21 cm
200 1# - Titulo e menção de responsabilidade
Título próprio Dicionário de inglês-português
Primeira menção de responsabilidade por Armando de Morais
225 2# - Colecção 
Título próprio da colecção Dicionários Editora
210 ## - Publicação, Distribuição, etc. 
Lugar da edição, distribuição, etc. Porto
Nome do editor, distribuidor, etc. Porto Editora
Data da publicação, distribuição, etc. 1991
675 ## - Classificação Decimal Universal (CDU)
Notação 811.111(038)=134.3
700 ## - Nome de autor-pessoa física (responsabilidade principal)
Número de registo de entrada de autoridade 0000045
Palavra de ordem Morais
Outra parte do nome não tomada para palavra de ordem Armando de
Datas 1915-
966 ## - Identificação da Biblioteca
Sigla NUMETECA
942 ## - Elementos de entrada adicionados (Koha)
Tipo de item no Koha Livro
Exemplares
Situação do levantamento Origin of item (home branch) (coded) Biblioteca de empréstimo Código de barras Cota Circulation type (not for loan) Tipo de documento Nota do exemplar Damaged status
  Biblioteca Escolar Eng. Nuno Mergulhão Biblioteca Escolar Eng. Nuno Mergulhão BENM16 811   Cativo Sem mensagem